000 00748nam a2200265 a 4500
001 BRCA_5015
005 20190320204914.0
008 291010s1945----u--a######---#000-0#eng-#
041 _aeng
044 _au
050 4 _aND588.D8
_b.P36 1945
100 1 _aPanofsky, Erwin
_912794
245 1 0 _aAlbrecht Dürer
_cby Erwin Panofsky.
250 _a2
260 _aPrinceton, Nueva Jersey
_bPrinceton University Press
_c1945
300 _a2 v.
_bil.
_c30 cm.
500 _aD114
504 _aIncluye referencias bibliográficas e índice
600 1 4 _aDurero, Alberto
_d1471-1528
_910301
650 1 4 _aDibujantes alemanes
_910287
650 1 4 _aGrabadores alemanes
_97216
650 1 4 _aPintores alemanes
_9797
902 _aGFM
942 _2lcc
_cB
999 _c4709
_d4709